[Event "American Cup Elim (Women)"]
[Site "Saint Louis"]
[Date "2024.03.16"]
[Round "2.1"]
[White "Paikidze, Nazi"]
[Black "Yu, Jennifer R"]
[Result "1-0"]
[WhiteElo "2319"]
[BlackElo "2279"]
[PlyCount "110"]
[EventDate "2024.03.14"]
[EventType "k.o. (rapid)"]
[EventRounds "3"]
[EventCountry "USA"]
[SourceTitle "CB12_2024"]
[SourceDate "2023.10.01"]
[SourceVersion "1"]
[SourceVersionDate "2023.10.01"]
[SourceQuality "1"]

1. d4 d5 2. c4 e6 3. Nf3 Nf6 4. g3 Bb4+ 5. Nbd2 0-0 6. Bg2 dxc4 7. Qc2 Nc6 8. Qxc4 Ne4 9. Qd3 Nxd2 10. Bxd2 Qd6 11. 0-0 Bxd2 12. Qxd2 e5 13. dxe5 Qxd2 14. Nxd2 Nxe5 15. Ne4 Bg4 16. f4 Nc4 17. Rfc1 Ne3 18. Rxc7 Nxg2 19. Kxg2 Rfe8 20. Nc3 b5 21. Re1 b4 22. Nd5 Rad8 23. Nxb4 a5 24. Nc6 Rd2 25. Ne5 Bxe2 26. Kg1 Rxb2 27. Nxf7 Rxa2 28. Nd6 Rd8 29. Nf5 Bf3 30. Rxg7+ Kf8 31. Rxh7 Rg2+ 32. Kf1 Rdd2 33. Rh8+ Kf7 34. Re7+ Kg6 35. Nh4+ Kf6 36. Nxg2 Kxe7 37. Ne3 a4 38. Rh7+ Ke6 39. Ra7 Ra2 40. g4 a3 41. f5+ Kf6 42. h4 Be2+ 43. Ke1 Bxg4 44. Ra6+ Ke5 45. Nxg4+ Kxf5 46. Nf2 Kf4 47. h5 Ra1+ 48. Ke2 Ra2+ 49. Kf1 Kg3 50. Rg6+ Kf3 51. Rf6+ Kg3 52. h6 Rb2 53. h7 a2 54. Ne4+ Kg4 55. Ra6 Rh2 1-0

[Event "American Cup Elim (Women)"]
[Site "Saint Louis"]
[Date "2024.03.16"]
[Round "2.3"]
[White "Yu, Jennifer R"]
[Black "Paikidze, Nazi"]
[Result "1-0"]
[WhiteElo "2279"]
[BlackElo "2319"]
[PlyCount "65"]
[EventDate "2024.03.14"]
[EventType "k.o. (rapid)"]
[EventRounds "3"]
[EventCountry "USA"]
[SourceTitle "CB12_2024"]
[SourceDate "2023.10.01"]
[SourceVersion "1"]
[SourceVersionDate "2023.10.01"]
[SourceQuality "1"]

1. d4 Nf6 2. c4 e6 3. Nf3 Bb4+ 4. Nc3 d5 5. Bg5 h6 6. Bxf6 Qxf6 7. Qb3 Nc6 8. cxd5 exd5 9. e3 0-0 10. Bb5 Bg4 11. Bxc6 Bxc3+ 12. bxc3 bxc6 13. Ne5 Bf5 14. Qb7 Rab8 15. Qxc6 Rb2 16. 0-0 Qxc6 17. Nxc6 Be4 18. f3 Bd3 19. Rf2 Rb5 20. a4 Rb3 21. Ne7+ Kh7 22. Nxd5 Rfb8 23. Rd2 Bc4 24. Nxc7 Rxc3 25. e4 Rd8 26. d5 a6 27. d6 f6 28. Rb1 Rd7 29. Rb6 Bb3 30. Nxa6 Bxa4 31. Rd4 Rc6 32. Rxc6 Bxc6 33. Nb8 1-0

[Event "American Cup Elim (Women)"]
[Site "Saint Louis"]
[Date "2024.03.16"]
[Round "2.6"]
[White "Yu, Jennifer R"]
[Black "Paikidze, Nazi"]
[Result "1-0"]
[WhiteElo "2279"]
[BlackElo "2319"]
[PlyCount "169"]
[EventDate "2024.03.14"]
[EventType "k.o. (rapid)"]
[EventRounds "3"]
[EventCountry "USA"]
[SourceTitle "CB12_2024"]
[SourceDate "2023.10.01"]
[SourceVersion "1"]
[SourceVersionDate "2023.10.01"]
[SourceQuality "1"]

1. d4 Nf6 2. c4 d6 3. Nc3 Nbd7 4. e4 g6 5. Nf3 Bg7 6. Bd3 e5 7. 0-0 0-0 8. Bc2 c6 9. b3 Re8 10. Bb2 Nh5 11. Ne2 exd4 12. Bxd4 Ne5 13. Nxe5 dxe5 14. Bc5 b6 15. Bd6 Bb7 16. c5 Qd7 17. b4 Nf4 18. Nxf4 exf4 19. Bxf4 Qe6 20. e5 Rad8 21. Qf3 Rd4 22. Rad1 Red8 23. Rxd4 Rxd4 24. cxb6 axb6 25. a3 Bxe5 26. Bb3 Rxf4 27. Bxe6 Rxf3 28. gxf3 fxe6 29. Re1 Bb2 30. Rxe6 Bxa3 31. Re7 Ba6 32. Ra7 Bxb4 33. Rxa6 Bc5 34. Kf1 Bd4 35. Ra7 c5 36. Rb7 c4 37. Ke2 Bc5 38. f4 Bd4 39. Kf3 Bc5 40. Rc7 Kh8 41. Ke4 c3 42. Kd3 Bxf2 43. Rxc3 Bc5 44. Ke4 Kg7 45. Rd3 Kf6 46. Rd7 h5 47. h3 Ke6 48. Rg7 Kf6 49. Rc7 Ke6 50. Rc6+ Kf7 51. Ke5 Kg7 52. Rc7+ Kh6 53. Rb7 Be3 54. Rc7 Bf2 55. Rc6 Kg7 56. Ke6 Be3 57. Rc7+ Kh6 58. Rf7 Bd4 59. Kd5 Be3 60. Rf6 Kg7 61. Ke6 Bd4 62. Rf7+ Kh6 63. Rf8 Kg7 64. Rc8 Be3 65. Rc7+ Kh6 66. f5 gxf5 67. Kxf5 Bc5 68. h4 Bf2 69. Rc6+ Kg7 70. Kg5 Bd4 71. Kxh5 Be3 72. Kg4 Kh7 73. Kf5 Kg7 74. Re6 Bd4 75. Kg5 Bc5 76. h5 Kh7 77. h6 Bb4 78. Rxb6 Bd2+ 79. Kh5 Be3 80. Rb7+ Kg8 81. Kg6 Bf4 82. Rd7 Kf8 83. h7 Be5 84. Rd8+ Ke7 85. h8Q 1-0

[Event "Wch Blitz (Women)"]
[Site "Samarkand"]
[Date "2023.12.30"]
[Round "12"]
[White "Yu, Jennifer R"]
[Black "Franco Valencia, Angela Maria"]
[Result "1-0"]
[WhiteElo "2283"]
[BlackElo "2095"]
[PlyCount "71"]
[EventDate "2023.12.29"]
[EventType "swiss (blitz)"]
[EventRounds "17"]
[EventCountry "UZB"]
[SourceTitle "CB01_2024"]
[SourceDate "2024.01.03"]
[SourceVersion "1"]
[SourceVersionDate "2024.01.03"]
[SourceQuality "1"]

1. c4 e5 2. Nc3 Nf6 3. g3 d5 4. cxd5 Nxd5 5. Bg2 Ne7 6. Nf3 Nbc6 7. 0-0 g6 8. d3 Bg7 9. Rb1 a5 10. a3 0-0 11. b4 axb4 12. axb4 h6 13. b5 Nd4 14. Nxd4 exd4 15. Ne4 Nd5 16. Bb2 c6 17. bxc6 bxc6 18. Qc2 Bd7 19. Nc5 Bf5 20. Rfc1 Qe7 21. Ne4 Bd7 22. Qc4 Nb6 23. Qc5 Qxc5 24. Nxc5 Bg4 25. Bxc6 Rac8 26. Bb7 Rc7 27. f3 Bf5 28. Be4 Bxe4 29. fxe4 h5 30. e3 dxe3 31. Bxg7 Rfc8 32. Rxb6 Rxc5 33. Rxc5 Rxc5 34. Bd4 Rc1+ 35. Kg2 e2 36. Rb8+ 1-0

[Event "Wch Blitz (Women)"]
[Site "Samarkand"]
[Date "2023.12.30"]
[Round "16"]
[White "Yu, Jennifer R"]
[Black "Getman, Tatyana"]
[Result "1/2-1/2"]
[WhiteElo "2283"]
[BlackElo "2188"]
[PlyCount "97"]
[EventDate "2023.12.29"]
[EventType "swiss (blitz)"]
[EventRounds "17"]
[EventCountry "UZB"]
[SourceTitle "CB01_2024"]
[SourceDate "2024.01.03"]
[SourceVersion "1"]
[SourceVersionDate "2024.01.03"]
[SourceQuality "1"]

1. c4 e6 2. Nc3 d5 3. d4 Nf6 4. cxd5 exd5 5. Bg5 Bb4 6. e3 h6 7. Bxf6 Qxf6 8. Qb3 Bxc3+ 9. bxc3 c6 10. Nf3 0-0 11. c4 dxc4 12. Bxc4 Nd7 13. 0-0 Nb6 14. Bd3 Be6 15. Qc2 Rfd8 16. a4 Nd5 17. Rab1 Rab8 18. a5 Rdc8 19. Rfc1 Qe7 20. Ne5 Nb4 21. Qd2 Nxd3 22. Qxd3 Qd6 23. Rc3 Bd5 24. e4 Be6 25. Qe3 Rd8 26. Nf3 Bg4 27. Rc4 Bxf3 28. Qxf3 b5 29. axb6 axb6 30. Rbc1 b5 31. Rxc6 Qxd4 32. Rc7 Rf8 33. h3 b4 34. R7c4 Qd2 35. Qb3 Rfd8 36. Rc7 Qf4 37. g3 Qf6 38. Ra7 Qe6 39. Qxe6 fxe6 40. Rcc7 b3 41. Rxg7+ Kf8 42. Raf7+ Ke8 43. Rb7 Kf8 44. Rgf7+ Kg8 45. Rg7+ Kf8 46. Rbf7+ Ke8 47. Rb7 Kf8 48. Rh7 Kg8 49. Rhg7+ 1/2-1/2

[Event "Wch Rapid (Women)"]
[Site "Samarkand"]
[Date "2023.12.28"]
[Round "11"]
[White "Danielian, Elina"]
[Black "Yu, Jennifer R"]
[Result "0-1"]
[WhiteElo "2396"]
[BlackElo "2283"]
[PlyCount "104"]
[EventDate "2023.12.26"]
[EventType "swiss (rapid)"]
[EventRounds "11"]
[EventCountry "UZB"]
[SourceTitle "CB01_2024"]
[SourceDate "2024.01.03"]
[SourceVersion "1"]
[SourceVersionDate "2024.01.03"]
[SourceQuality "1"]

1. d4 d5 2. Nf3 Nf6 3. c4 e6 4. e3 c5 5. a3 cxd4 6. exd4 Be7 7. Nc3 0-0 8. cxd5 Nxd5 9. Bd3 Nc6 10. 0-0 Re8 11. Re1 Bf6 12. Ne4 Bxd4 13. Nxd4 Nxd4 14. Ng5 Nf6 15. Be3 Nf5 16. Bf4 h6 17. Nf3 Nd5 18. Be5 b6 19. Rc1 Bb7 20. Bb5 Rf8 21. Qe2 Rc8 22. Bd3 Nde7 23. Rcd1 Bd5 24. Bc3 Qc7 25. Ne5 Rcd8 26. Qg4 g6 27. Qe2 Kh7 28. Ng4 Ng8 29. Be5 Qb7 30. f3 f6 31. Bc3 h5 32. Ne3 Nxe3 33. Qxe3 Qf7 34. h4 Nh6 35. Rc1 Nf5 36. Bxf5 gxf5 37. Bd2 Qg7 38. Qf4 Rd7 39. Re2 Rg8 40. Kf1 Qg6 41. Rc7 Rxc7 42. Qxc7+ Rg7 43. Qf4 e5 44. Qe3 Bc4 45. Kg1 Bxe2 46. Qxe2 f4 47. Bc3 Rd7 48. Qe1 Qc2 49. Kh2 Rd1 50. Qe4+ Qxe4 51. fxe4 Rd3 52. Kg1 Re3 0-1

[Event "Wch Rapid (Women)"]
[Site "Samarkand"]
[Date "2023.12.27"]
[Round "8"]
[White "Pourkashiyan, Atousa"]
[Black "Yu, Jennifer R"]
[Result "1/2-1/2"]
[WhiteElo "2259"]
[BlackElo "2283"]
[PlyCount "252"]
[EventDate "2023.12.26"]
[EventType "swiss (rapid)"]
[EventRounds "11"]
[EventCountry "UZB"]
[SourceTitle "CB01_2024"]
[SourceDate "2024.01.03"]
[SourceVersion "1"]
[SourceVersionDate "2024.01.03"]
[SourceQuality "1"]

1. e4 e5 2. Nf3 Nf6 3. Nxe5 d6 4. Nf3 Nxe4 5. Nc3 Nxc3 6. dxc3 Be7 7. Be3 0-0 8. Qd2 c5 9. c4 Be6 10. Be2 Nd7 11. Ng5 Bxg5 12. Bxg5 Qb6 13. b3 f6 14. Bf4 Ne5 15. 0-0 Rad8 16. Rad1 d5 17. Bxe5 fxe5 18. cxd5 Bxd5 19. Qe3 Qc6 20. Qg5 h6 21. Qh4 Rd7 22. f3 Kh8 23. Bd3 b5 24. c4 bxc4 25. Bxc4 Rf4 26. Qh5 Qe6 27. Rxd5 Rxd5 28. Re1 Rfd4 29. Bxd5 Rxd5 30. h3 e4 31. Qh4 e3 32. Qc4 Qe5 33. f4 Qd4 34. Qe2 Qxf4 35. Qxe3 Qxe3+ 36. Rxe3 Rd2 37. a4 Rc2 38. Re7 Rc3 39. Rb7 a6 40. Rb6 Kg8 41. a5 Kf7 42. Kf2 Ke7 43. Ke2 Rc2+ 44. Kf3 Kd7 45. Rxa6 Rc3+ 46. Ke4 Rxb3 47. Rg6 Ra3 48. a6 Ke7 49. Rxg7+ Kf6 50. Ra7 c4 51. Ra8 c3 52. Kd3 h5 53. h4 Kg7 54. Kc2 Kh7 55. g3 Kg7 56. Ra7+ Kg6 57. Kd3 Kh6 58. Ra8 Kg7 59. Ra7+ Kg6 60. Ra8 Kg7 61. a7 Kh7 62. Ke4 c2 63. Rc8 Rxa7 64. Rxc2 Rg7 65. Rc3 Rg4+ 66. Kf3 Ra4 67. Re3 Kg6 68. Re6+ Kg7 69. Re4 Ra6 70. Re5 Ra3+ 71. Kf4 Ra4+ 72. Re4 Ra5 73. Re5 Ra4+ 74. Kf3 Ra3+ 75. Kf4 Ra4+ 76. Re4 Ra5 77. Rb4 Kg6 78. Rc4 Rf5+ 79. Ke4 Ra5 80. Rd4 Ra3 81. Rd6+ Kg7 82. Kf4 Ra5 83. Re6 Ra4+ 84. Kf5 Rg4 85. Re3 Kf7 86. Ra3 Kg7 87. Rb3 Kf7 88. Rb7+ Kg8 89. Rb3 Kg7 90. Ke6 Kg6 91. Ke5 Kg7 92. Rf3 Kg6 93. Rf6+ Kg7 94. Rf3 Kg6 95. Ke6 Re4+ 96. Kd5 Rg4 97. Ke5 Kg7 98. Kf5 Kf7 99. Ra3 Kg7 100. Ra7+ Kg8 101. Kf6 Rxg3 102. Ra5 Rb3 103. Rg5+ Kf8 104. Kg6 Kg8 105. Kh6+ Kh8 106. Rg6 Rb8 107. Rd6 Ra8 108. Kg6 Rb8 109. Kxh5 Kh7 110. Rd7+ Kg8 111. Rd5 Rb6 112. Kg5 Kh8 113. h5 Kg8 114. Re5 Kh8 115. Ra5 Kg8 116. Ra8+ Kh7 117. Ra7+ Kg8 118. Ra5 Kh7 119. Rf5 Kg8 120. Rc5 Kh7 121. Rd5 Kg8 122. Kg4 Kh7 123. Kg5 Kg8 124. h6 Kh7 125. Rd7+ Kg8 126. Rg7+ Kh8 1/2-1/2

[Event "Wch Rapid (Women)"]
[Site "Samarkand"]
[Date "2023.12.27"]
[Round "6"]
[White "Yu, Jennifer R"]
[Black "Malikova, Marjona"]
[Result "1-0"]
[WhiteElo "2283"]
[BlackElo "2051"]
[PlyCount "83"]
[EventDate "2023.12.26"]
[EventType "swiss (rapid)"]
[EventRounds "11"]
[EventCountry "UZB"]
[SourceTitle "CB01_2024"]
[SourceDate "2024.01.03"]
[SourceVersion "1"]
[SourceVersionDate "2024.01.03"]
[SourceQuality "1"]

1. c4 c5 2. Nc3 Nc6 3. g3 g6 4. Bg2 Bg7 5. e3 e5 6. Nge2 d6 7. d3 Nge7 8. a3 0-0 9. 0-0 f5 10. f4 Be6 11. Nd5 Bxd5 12. cxd5 Nb8 13. fxe5 Bxe5 14. d4 cxd4 15. Nxd4 Bxd4 16. Qxd4 Nd7 17. b4 Qb6 18. Qh4 Rae8 19. Qh6 Nf6 20. Bb2 Rf7 21. Bd4 Qb5 22. e4 Qc4 23. Rad1 Ng4 24. Qf4 Nf6 25. Qxd6 Nc8 26. Qf4 Nxe4 27. Ba1 Ncd6 28. Rd4 Qa6 29. Qc1 Rc8 30. Qb2 Nc3 31. Kh1 Na4 32. Qf2 Rfc7 33. Rd2 Qb6 34. Qf4 Re7 35. Bf6 Rf7 36. Bd4 Qd8 37. Qe5 Kf8 38. Re1 Ne4 39. Bxe4 fxe4 40. Rxe4 Re7 41. Qh8+ Kf7 42. Rf2# 1-0

[Event "Wch Rapid (Women)"]
[Site "Samarkand"]
[Date "2023.12.26"]
[Round "2"]
[White "Yu, Jennifer R"]
[Black "Salimova, Nurgyul"]
[Result "0-1"]
[WhiteElo "2283"]
[BlackElo "2426"]
[PlyCount "100"]
[EventDate "2023.12.26"]
[EventType "swiss (rapid)"]
[EventRounds "11"]
[EventCountry "UZB"]
[SourceTitle "CB01_2024"]
[SourceDate "2024.01.03"]
[SourceVersion "1"]
[SourceVersionDate "2024.01.03"]
[SourceQuality "1"]

1. c4 e6 2. Nc3 d5 3. d4 Be7 4. cxd5 exd5 5. Nf3 Nf6 6. Bf4 0-0 7. e3 Bf5 8. Bd3 Bxd3 9. Qxd3 c6 10. 0-0 Nbd7 11. h3 Re8 12. Rab1 Nf8 13. Ne5 Bd6 14. Bh2 Ng6 15. f4 Ne4 16. Nxe4 dxe4 17. Qb3 Qe7 18. Nc4 Nh4 19. Nxd6 Qxd6 20. f5 Qd7 21. f6 g6 22. Rbc1 b6 23. Be5 c5 24. Rcd1 cxd4 25. exd4 h6 26. Qe3 Kh7 27. Qxe4 Nf5 28. Qg4 Rac8 29. Rf2 Qe6 30. Re1 Rc4 31. Rfe2 Qc8 32. b3 Rc1 33. Kh2 Rxe1 34. Rxe1 Qc2 35. Rf1 Ne3 36. Qf3 Nxf1+ 37. Qxf1 Qf5 38. Qc4 Qe6 39. Qc7 a6 40. Qb7 b5 41. Kg1 Rd8 42. Qc7 Rc8 43. d5 Rxc7 44. dxe6 Rc1+ 45. Kf2 fxe6 46. f7 Rc8 47. Bd6 Kg7 48. f8Q+ Rxf8+ 49. Bxf8+ Kxf8 50. Ke3 Ke7 0-1

[Event "Wch Rapid (Women)"]
[Site "Samarkand"]
[Date "2023.12.26"]
[Round "4"]
[White "Yu, Jennifer R"]
[Black "Ushenina, Anna"]
[Result "1-0"]
[WhiteElo "2283"]
[BlackElo "2415"]
[PlyCount "111"]
[EventDate "2023.12.26"]
[EventType "swiss (rapid)"]
[EventRounds "11"]
[EventCountry "UZB"]
[SourceTitle "CB01_2024"]
[SourceDate "2024.01.03"]
[SourceVersion "1"]
[SourceVersionDate "2024.01.03"]
[SourceQuality "1"]

1. c4 e6 2. Nc3 d5 3. d4 Nf6 4. cxd5 exd5 5. Bg5 Be7 6. e3 0-0 7. Bd3 Re8 8. Qc2 h6 9. Bxf6 Bxf6 10. Nge2 c6 11. 0-0 Be7 12. Ng3 Nd7 13. Rae1 Nf6 14. f3 Bd6 15. Qf2 c5 16. Nb5 cxd4 17. Nxd4 Be5 18. Ngf5 Bxf5 19. Nxf5 Qb6 20. f4 Bc7 21. Qg3 Nh5 22. Qg4 g6 23. Nxh6+ Kf8 24. Kh1 Rxe3 25. Rxe3 Qxe3 26. Bxg6 Nf6 27. Qf5 Qe2 28. Rb1 Qe6 29. Qxe6 fxe6 30. f5 e5 31. g4 Ne4 32. Nf7 Nf2+ 33. Kg2 Nxg4 34. Rc1 Bb6 35. Kf3 Nxh2+ 36. Kg3 Be3 37. Rc7 Bf4+ 38. Kg2 e4 39. Rxb7 Rb8 40. Rd7 e3 41. Nd8 Rxd8 42. Rxd8+ Ke7 43. Rxd5 Ng4 44. Kf3 Nf6 45. Ra5 Bg5 46. Rxa7+ Kd6 47. Ra6+ Kd5 48. b4 Ne4 49. b5 Nc3 50. Re6 Nxb5 51. Re8 Nd4+ 52. Kg2 Bh4 53. Rxe3 Nc2 54. Re8 Ne1+ 55. Kh3 Nf3 56. Kg4 1-0

[Event "USA-ch (Women)"]
[Site "Saint Louis"]
[Date "2023.10.17"]
[Round "11"]
[White "Tokhirjonova, Gulruhbegim"]
[Black "Yu, Jennifer R"]
[Result "0-1"]
[WhiteElo "2350"]
[BlackElo "2294"]
[PlyCount "136"]
[EventDate "2023.10.05"]
[EventType "tourn"]
[EventRounds "11"]
[EventCountry "USA"]
[EventCategory "3"]
[SourceTitle "EXT 2024"]
[Source "ChessBase"]
[SourceDate "2023.10.10"]
[SourceVersion "1"]
[SourceVersionDate "2023.10.10"]
[SourceQuality "1"]

1. d4 Nf6 2. c4 e6 3. Nc3 Bb4 4. e3 0-0 5. Bd2 d5 6. Nf3 b6 7. cxd5 exd5 8. Ne5 Bxc3 9. Bxc3 Ne4 10. Rc1 f6 11. Nd3 Re8 12. Be2 a5 13. 0-0 c6 14. Nf4 Nd7 15. f3 Nd6 16. e4 Bb7 17. Bd3 Nf8 18. Re1 Kh8 19. a4 dxe4 20. fxe4 c5 21. d5 Nf7 22. Bb5 Re7 23. Nh5 Qd6 24. Ng3 Bc8 25. Bc6 Rb8 26. Bd2 Ne5 27. Bb5 Nfg6 28. Qb3 Bg4 29. Rf1 Rc7 30. h3 c4 31. Qe3 Bd7 32. Bxd7 Qxd7 33. b3 Rc5 34. Nf5 Rbc8 35. Nd4 cxb3 36. Qxb3 Nc4 37. Be1 Nd6 38. Rxc5 bxc5 39. Nc6 Nxe4 40. Bxa5 Ne7 41. Nxe7 Qxe7 42. Re1 f5 43. Bc3 c4 44. Qb6 Qd7 45. Bd4 c3 46. a5 c2 47. Qb2 Qc7 48. Rc1 Ng3 49. d6 Qxd6 50. Bxg7+ Kg8 51. Be5 Ne2+ 52. Kh2 Qe6 53. Bh8 Qd6+ 54. Be5 Qe6 55. Bh8 Qe7 56. Bf6 Qe3 57. Qa2+ Kf8 58. Bg5 Qxg5 59. Qa3+ Qe7 60. Qb2 Qc7+ 61. Kh1 Nxc1 62. Qh8+ Ke7 63. Qxh7+ Kd6 64. Qg6+ Ke5 65. Qg3+ Kd4 66. Qf2+ Kc3 67. Qxf5 Nd3 68. Qf6+ Qe5 0-1

[Event "USA-ch (Women)"]
[Site "Saint Louis"]
[Date "2023.10.16"]
[Round "10"]
[White "Yu, Jennifer R"]
[Black "Lee, Alice"]
[Result "0-1"]
[WhiteElo "2294"]
[BlackElo "2388"]
[PlyCount "116"]
[EventDate "2023.10.05"]
[EventType "tourn"]
[EventRounds "11"]
[EventCountry "USA"]
[EventCategory "3"]
[SourceTitle "EXT 2024"]
[Source "ChessBase"]
[SourceDate "2023.10.10"]
[SourceVersion "1"]
[SourceVersionDate "2023.10.10"]
[SourceQuality "1"]

1. d4 d5 2. c4 dxc4 3. Nf3 Nf6 4. e3 e6 5. Bxc4 c5 6. 0-0 a6 7. Qe2 b5 8. Bd3 Nbd7 9. a4 c4 10. Bc2 Bb7 11. e4 Be7 12. Bg5 h6 13. Bh4 0-0 14. Rd1 Re8 15. Nbd2 Nf8 16. e5 Nd5 17. Bxe7 Qxe7 18. Ne4 Nf4 19. Qd2 Bxe4 20. Bxe4 Nd5 21. g3 Ra7 22. Nh4 Rd7 23. axb5 axb5 24. f4 Red8 25. f5 Qg5 26. Nf3 Qg4 27. fxe6 Qxe4 28. exd7 Qxf3 29. Qf2 Qg4 30. Rf1 Qxd7 31. Ra6 Qb7 32. Rfa1 Nb4 33. Ra7 Qd5 34. e6 Qxe6 35. Re1 Qg6 36. Rf1 f6 37. Rb7 Qe4 38. Rxb5 Nd3 39. Qf5 Qxd4+ 40. Kg2 Re8 41. Qh5 Qe4+ 42. Kg1 Qe3+ 43. Kh1 Re5 44. Rxe5 Qxe5 45. Qxe5 fxe5 46. Kg2 e4 47. Ra1 Ne6 48. Kf1 Nxb2 49. Ra8+ Kf7 50. Ke2 Nd3 51. Kd2 Nd4 52. Ra4 Nb3+ 53. Ke3 c3 54. Rc4 Nb4 55. Rxb4 c2 56. Rc4 c1Q+ 57. Rxc1 Nxc1 58. Kxe4 Ke6 0-1

[Event "USA-ch (Women)"]
[Site "Saint Louis"]
[Date "2023.10.10"]
[Round "5"]
[White "Yu, Jennifer R"]
[Black "Paikidze, Nazi"]
[Result "1-0"]
[WhiteElo "2294"]
[BlackElo "2316"]
[PlyCount "61"]
[EventDate "2023.10.05"]
[EventType "tourn"]
[EventRounds "11"]
[EventCountry "USA"]
[EventCategory "3"]
[SourceTitle "EXT 2024"]
[Source "ChessBase"]
[SourceDate "2023.10.10"]
[SourceVersion "1"]
[SourceVersionDate "2023.10.10"]
[SourceQuality "1"]

1. d4 Nf6 2. c4 e6 3. Nf3 Bb4+ 4. Bd2 Qe7 5. g3 b6 6. Bg2 Bb7 7. 0-0 Bxd2 8. Nbxd2 0-0 9. Qc2 d6 10. e4 e5 11. d5 a5 12. Ne1 Na6 13. Nd3 Nc5 14. Nxc5 bxc5 15. Rae1 Nh5 16. Re3 g6 17. f4 exf4 18. gxf4 Rae8 19. Qc3 Qh4 20. Rh3 Qg4 21. Rhf3 Bc8 22. Kh1 f5 23. e5 g5 24. e6 h6 25. Bh3 Qh4 26. fxg5 hxg5 27. Bxf5 Nf6 28. Bg6 Ng4 29. Rxf8+ Rxf8 30. Rxf8+ Kxf8 31. Qf3+ 1-0

[Event "Titled Tuesday intern op 08th Aug Late"]
[Site "Chess.com INT"]
[Date "2023.08.08"]
[Round "6"]
[White "Matinian, Nikita"]
[Black "Yu, Jennifer R"]
[Result "1-0"]
[WhiteElo "2421"]
[BlackElo "2303"]
[PlyCount "109"]
[EventDate "2023.08.08"]
[EventType "swiss (blitz)"]
[EventRounds "11"]
[EventCountry "USA"]
[SourceTitle "EXT 2024"]
[Source "ChessBase"]
[SourceDate "2023.10.10"]
[SourceVersion "1"]
[SourceVersionDate "2023.10.10"]
[SourceQuality "1"]

1. e4 e5 2. Nf3 Nc6 3. Bb5 a6 4. Ba4 Nf6 5. 0-0 b5 6. Bb3 Bb7 7. d3 Bc5 8. Bg5 h6 9. Bxf6 Qxf6 10. Nc3 Nd4 11. Nxd4 Bxd4 12. a4 b4 13. Ne2 Bxb2 14. Rb1 Bd4 15. Nxd4 exd4 16. f4 0-0 17. Qd2 a5 18. Rf3 Rad8 19. Rbf1 d5 20. e5 Qf5 21. h3 c5 22. g4 Qe6 23. Re1 f5 24. exf6 Qxf6 25. Kh2 Kh8 26. f5 Rde8 27. Rxe8 Rxe8 28. Qf4 c4 29. Ba2 Qh4 30. Rg3 b3 31. cxb3 c3 32. Bb1 Re2+ 33. Rg2 Qe1 34. f6 Rxg2+ 35. Kxg2 Qxb1 36. f7 Qc2+ 37. Kg3 Qxd3+ 38. Qf3 Qxf3+ 39. Kxf3 c2 40. f8Q+ Kh7 41. Qc5 d3 42. Ke3 Ba6 43. Kd2 Kg6 44. Qc6+ Kg5 45. Qxa6 Kh4 46. Qxd3 g6 47. Qxd5 Kxh3 48. Kxc2 Kxg4 49. Qxa5 h5 50. b4 h4 51. b5 h3 52. b6 h2 53. Qd5 Kh3 54. b7 g5 55. b8Q 1-0

[Event "Titled Tuesday intern op 08th Aug Late"]
[Site "Chess.com INT"]
[Date "2023.08.08"]
[Round "7"]
[White "Yu, Jennifer R"]
[Black "Stachanczyk, Jacek"]
[Result "1-0"]
[WhiteElo "2303"]
[BlackElo "2124"]
[PlyCount "81"]
[EventDate "2023.08.08"]
[EventType "swiss (blitz)"]
[EventRounds "11"]
[EventCountry "USA"]
[SourceTitle "EXT 2024"]
[Source "ChessBase"]
[SourceDate "2023.10.10"]
[SourceVersion "1"]
[SourceVersionDate "2023.10.10"]
[SourceQuality "1"]

1. d4 d5 2. c4 c6 3. Nf3 Nf6 4. Nc3 dxc4 5. a4 Bf5 6. Ne5 Nbd7 7. Nxc4 e6 8. g3 Nb6 9. Ne5 Nfd7 10. Nxd7 Nxd7 11. e4 Bg6 12. Bg2 a5 13. 0-0 Bb4 14. Be3 0-0 15. Qc2 e5 16. Rad1 exd4 17. Bxd4 Qe7 18. f4 f6 19. Rfe1 Bc5 20. Qf2 Bxd4 21. Qxd4 Rad8 22. Kh1 Bh5 23. Qc4+ Bf7 24. Qe2 Qc5 25. Rd2 Nb6 26. Red1 Rxd2 27. Rxd2 Re8 28. Rd1 Qb4 29. Qf2 Nxa4 30. Nxa4 Qxa4 31. Rd7 Qb4 32. h3 Be6 33. Rc7 Rd8 34. Qa7 Qe1+ 35. Kh2 Bc8 36. Qb8 h5 37. Rxc8 Rxc8 38. Qxc8+ Kh7 39. Qf5+ g6 40. Qxf6 h4 41. Qxh4+ 1-0

[Event "Titled Tuesday intern op 25th Jul Late"]
[Site "Chess.com INT"]
[Date "2023.07.25"]
[Round "5"]
[White "Garakov, Mikhael"]
[Black "Yu, Jennifer R"]
[Result "0-1"]
[WhiteElo "2447"]
[BlackElo "2303"]
[PlyCount "124"]
[EventDate "2023.07.25"]
[EventType "swiss (blitz)"]
[EventRounds "11"]
[EventCountry "USA"]
[SourceTitle "EXT 2024"]
[Source "ChessBase"]
[SourceDate "2023.10.10"]
[SourceVersion "1"]
[SourceVersionDate "2023.10.10"]
[SourceQuality "1"]

1. e4 e5 2. Nf3 Nc6 3. Bb5 a6 4. Bxc6 dxc6 5. 0-0 Bd6 6. d4 exd4 7. Qxd4 f6 8. h3 Ne7 9. Rd1 Ng6 10. Na3 Qe7 11. Nc4 Bc5 12. Qd3 0-0 13. Be3 Be6 14. Na5 Rab8 15. Nb3 Bd6 16. Nbd4 Rbd8 17. Nxe6 Qxe6 18. Nd4 Qe5 19. Qb3+ Kh8 20. Nf3 Qxe4 21. Rd4 Qf5 22. Qxb7 Ne5 23. Nxe5 Qxe5 24. g3 Rb8 25. Qxc6 Rxb2 26. Rad1 Qf5 27. g4 Qxc2 28. Qxa6 Rxa2 29. Qc4 Qxc4 30. Rxc4 Re8 31. Bc5 Be5 32. f4 Bd6 33. Bxd6 cxd6 34. Rc6 h5 35. Rcxd6 Ree2 36. R6d5 Rg2+ 37. Kf1 hxg4 38. hxg4 Rxg4 39. R5d4 Kh7 40. f5 Rxd4 41. Rxd4 Kh6 42. Rg4 Ra5 43. Rg6+ Kh7 44. Rg3 Rxf5+ 45. Ke2 g5 46. Ke3 Kg6 47. Ke4 Rf4+ 48. Ke3 f5 49. Rg1 Re4+ 50. Kf3 g4+ 51. Kg3 Kg5 52. Ra1 Re3+ 53. Kf2 f4 54. Ra8 g3+ 55. Kg2 Re2+ 56. Kf3 Rf2+ 57. Ke4 g2 58. Rg8+ Kf6 59. Kd3 f3 60. Ke3 Rf1 61. Rf8+ Ke7 62. Rh8 g1Q+ 0-1

[Event "Titled Tuesday intern op 25th Jul Late"]
[Site "Chess.com INT"]
[Date "2023.07.25"]
[Round "8"]
[White "Yu, Jennifer R"]
[Black "Fonseca Manrique, Enrique"]
[Result "1/2-1/2"]
[WhiteElo "2303"]
[BlackElo "2169"]
[PlyCount "129"]
[EventDate "2023.07.25"]
[EventType "swiss (blitz)"]
[EventRounds "11"]
[EventCountry "USA"]
[SourceTitle "EXT 2024"]
[Source "ChessBase"]
[SourceDate "2023.10.10"]
[SourceVersion "1"]
[SourceVersionDate "2023.10.10"]
[SourceQuality "1"]

1. d4 Nf6 2. c4 c5 3. d5 b5 4. cxb5 a6 5. bxa6 g6 6. Nc3 Bg7 7. e4 0-0 8. Nf3 Qa5 9. Bd2 Bxa6 10. Bxa6 Qxa6 11. Qe2 d6 12. Qxa6 Nxa6 13. Ke2 Rfb8 14. Rab1 Nd7 15. b3 Nb4 16. a4 Rb7 17. Nb5 Na6 18. Rhc1 Rab8 19. Rc2 Bf6 20. g4 Bg7 21. h4 h6 22. g5 h5 23. Ne1 Ne5 24. f4 Ng4 25. Nd3 Kf8 26. Nf2 Nxf2 27. Kxf2 Ke8 28. Ke3 Kd7 29. Bc3 Bxc3 30. Rxc3 Nc7 31. Nxc7 Rxc7 32. e5 Rcb7 33. Kd3 Rb4 34. exd6 exd6 35. Rf1 Rxb3 36. f5 gxf5 37. Rxf5 Ke7 38. Rf1 R3b4 39. a5 Rd4+ 40. Kc2 Ra4 41. Re3+ Kf8 42. g6 Rb7 43. Ref3 Rxa5 44. Rxf7+ Rxf7 45. Rxf7+ Kg8 46. Rd7 Ra4 47. Rxd6 Kg7 48. Rc6 Rxh4 49. Rxc5 Kxg6 50. Rc8 Rd4 51. Rg8+ Kf5 52. Rh8 Kg4 53. Rd8 h4 54. Kc3 Rd1 55. Kc4 h3 56. Rh8 Kg3 57. Kc5 h2 58. d6 h1Q 59. Rxh1 Rxh1 60. d7 Rd1 61. Kc6 Kf4 62. Kc7 Rc1+ 63. Kb7 Rd1 64. Kc7 Rxd7+ 65. Kxd7 1/2-1/2